Entrepreneur revolution : how to develop your entrepreneurial mindset and star a business that works.
| Main Author: | |
|---|---|
| Format: | Book |
| Published: |
West Sussex:
Capstone Publishing,
2013.
|
| Subjects: |
| LEADER | 00528cam a2200157 7i4500 | ||
|---|---|---|---|
| 001 | 0000030541 | ||
| 005 | 20140128090000.0 | ||
| 020 | 0 | 0 | |a 9780857084163 |
| 090 | 0 | 0 | |a B 658.11 |b PRI |
| 100 | 1 | 0 | |a Priestley |
| 245 | 1 | 0 | |a Entrepreneur revolution : |b how to develop your entrepreneurial mindset and star a business that works. |
| 260 | 0 | 0 | |a West Sussex: |b Capstone Publishing, |c 2013. |
| 300 | # | # | |a 220 p. |
| 650 | 0 | 0 | |a Small business -- |x management |
| 650 | 0 | 0 | |a New business enterprises |
| 999 | |a B000033784 |b Book |c Book |e Business Information Centre | ||


